Guide to firewalls and network security: (Record no. 7052)

MARC details
000 -LEADER
fixed length control field 01392cam a22002177a 4500
020 ## - INTERNATIONAL STANDARD BOOK NUMBER
ISBN 9781435420168 (pbk.)
020 ## - INTERNATIONAL STANDARD BOOK NUMBER
ISBN 1435420160 (pbk.)
050 00 - CALL NUMBER
Classification number TK5105.59
Item number .W58
100 1# - AUTHOR
Personal name Whitman, Michael E.,
245 10 - TITLE
Title Guide to firewalls and network security:
Remainder of title with intrusion detection and VPNs.
250 ## - EDITION
Edition statement 2nd ed.
260 ## - PUBLICATION INFORMATION
Place of publication Boston, Massachusetts :
Name of publisher Cengage Delmar Learning ;
Year of publication c2009.
300 ## - DESCRIPTION
Number of Pages xxiv, 496 p. :
Other physical details ill. ;
Dimensions 24 cm.
500 ## - NOTES
General note Previous ed. published as by Greg Holden. Boston, Mass.: Course Technology, 2004.
500 ## - NOTES
General note Includes index.
505 ## - FORMATTED CONTENTS NOTE
Table of Content Chapter 1 - Introduction to Information Security. <br/>Chapter 2- An Introduction to Networking. <br/>Chapter 3- Security Policies, Standards, and Planning. <br/>Chapter 4 - Finding Network Vulnerabilities. <br/>Chapter 5 - Firewall Planning and Design. <br/>Chapter 6 - Packet Filtering. <br/>Chapter 7 - Working with Proxy Servers and Application-Level Firewalls. <br/>Chapter 8 - Firewall Configuration and Administration. <br/>Chapter 9 - Encryption and Firewalls. <br/>Chapter 10 - Authenticating. <br/>Chapter 11 - Setting Up a Virtual Private Network. <br/>Chapter 12 - Contingency Planning. <br/>Chapter 13 - Intrusion Detection and Prevention Systems. Chapter 14 - Digital Forensics.
650 #0 - SUBJECTS
Topical Term Computer networks
General subdivision Security measures.
650 #0 - SUBJECTS
Topical Term Computer networks
General subdivision Security measures
700 1# - OTHER AUTHORS
Personal name Holden, Greg.
942 ## - ADDED ENTRY ELEMENTS (KOHA)
Koha item type Books
Holdings
Withdrawn status Lost status Home library Current library Shelving location Date acquired Full call number Accession Number Koha item type Collection code
    Methodist University Library Main Methodist University Library Main General Stacks   TK5105.59 .W58 39993 Books  
    Methodist University Library Main Methodist University Library Main General Stacks   TK5105.59 .W58 39992 Books  
    Methodist University Library Main Methodist University Library Main General Stacks   TK5105.59 .W58 4518 Books  
    Methodist University Library Main Methodist University Library Main General Stacks   TK5105.59 .W58 39990 Books Reference
    Methodist University Library Main Methodist University Library Main General Stacks   TK5105.59 .W58 39991 Books Reference
Copyright © 2026  MUG Library